| 000 | 00416nam a2200181Ia 4500 | ||
|---|---|---|---|
| 001 | 16678 | ||
| 005 | 20260306170327.0 | ||
| 008 | 260306t2005||||xx |||||||||||||| ||und|| | ||
| 041 | _aESP | ||
| 082 |
_a349.1J _bI59 |
||
| 100 |
_aJustiniano _eAUT |
||
| 245 | 0 | _aInstituciones de Justiniano | |
| 260 | _c2005 | ||
| 300 |
_a304 páginas : _c23 cm. |
||
| 650 | _aGEN | ||
| 654 | _aCDE | ||
| 942 |
_cLIB _dJUS _fJUS _2ddc _n |
||
| 999 |
_c16678 _d16678 |
||